| 000 | 00706nam a2200289Ia 4500 | ||
|---|---|---|---|
| 008 | 210210b2011 xxu||||| |||| 00| 0 eng d | ||
| 020 | _a9788131731635 | ||
| 041 | _aeng | ||
| 082 | _a658.8 ANDB | ||
| 100 | _aANDERSON (James C) | ||
| 245 | _aBusiness market management:understanding creating and delivering value Ed 3 | ||
| 250 | _a | ||
| 260 |
_aNoida _bPearson _c2011 |
||
| 300 | _axxii,470 | ||
| 650 | _avalue | ||
| 650 | _amarket | ||
| 650 | _amanagement:understanding | ||
| 650 | _aEd | ||
| 650 | _adelivering | ||
| 650 | _acreating | ||
| 650 | _aBusiness | ||
| 650 | _a3 | ||
| 650 | _a(B2B) | ||
| 690 | _aMarketing Management | ||
| 700 | _aNARUS (James A) | ||
| 906 | _a074248 | ||
| 999 |
_c124028 _d124028 |
||